Financial and economic analysis for engineering and technology management

This book presents a rigorous analysis of accounting fundamentals and procedures plus cost analysis all covered in an engineering context. New and completely revised, this edition keeps an accounting focus, but includes more financial analysis for non-financial managers. Increased coverage of engine...

ver descrição completa

Na minha lista:
Detalhes bibliográficos
Autor principal: Riggs, Henry E.
Formato: Livro
Idioma:Undetermined
Publicado em: Hoboken, N.J. Wiley 2004
Assuntos:
Tags: Adicionar Tag
Sem tags, seja o primeiro a adicionar uma tag!
Thư viện lưu trữ: Trung tâm Học liệu Trường Đại học Cần Thơ
LEADER 00990nam a2200205Ia 4500
001 CTU_162359
008 210402s9999 xx 000 0 und d
020 |c 47.26 
082 |a 657 
082 |b R569 
100 |a Riggs, Henry E. 
245 0 |a Financial and economic analysis for engineering and technology management 
245 0 |c Henry E. Riggs 
260 |a Hoboken, N.J. 
260 |b Wiley 
260 |c 2004 
520 |a This book presents a rigorous analysis of accounting fundamentals and procedures plus cost analysis all covered in an engineering context. New and completely revised, this edition keeps an accounting focus, but includes more financial analysis for non-financial managers. Increased coverage of engineering economics topics such as NPV and IRR, plus coverage of financial statements and markets, makes this book unlike any on the market. 
650 |a Accounting,Kế toán 
904 |i Qhieu 
980 |a Trung tâm Học liệu Trường Đại học Cần Thơ